Statistics for Roller coasters by pictures 2

Click here to take the quiz!

General Stats

  • This quiz has been taken 132 times
  • The average score is 9 of 12

Answer Stats

Answer% Correct
The Smiler
96%
Fury 325
92%
Millennium Force
91%
Velocicoaster
89%
Iron Rattler
84%
Ride to Happiness
84%
F.L.Y.
81%
Hyperion
72%
Star Wars: Hyperspace Mountain
58%
Takabisha
54%
Furius Baco
44%
Vliegende Hollander
24%

Score Distribution

Percentile by Number Answered

Percent of People with Each Score

Your Score History

You have not taken this quiz